Statistics for ATP Men's Tennis End of Year Rankings 2003

Click here to take the quiz!

General Stats

  • This quiz has been taken 30 times
  • The average score is 11 of 30

Answer Stats

RankCountryPointsPlayer% Correct
2Switzerland4,375Roger Federer
100%
1United States4,535Andy Roddick
93%
4United States3,425Andre Agassi
89%
3Spain4,205Juan Carlos Ferrero
82%
17Australia1,450Lleyton Hewitt
82%
8Argentina2,060David Nalbandian
75%
16Brazil1,470Gustavo Kuerten
71%
7Spain2,280Carlos Moya
61%
5Argentina3,330Guillermo Coria
57%
15United Kingdom1,480Tim Henman
43%
25Spain1,135Albert Costa
39%
21Spain1,295Tommy Robredo
39%
11Thailand1,595Paradorn Srichaphan
29%
10France1,610Sebastien Grosjean
29%
28Spain1,110Feliciano Lopez
25%
20United States1,300Mardy Fish
25%
9Australia1,615Mark Philippoussis
25%
6Germany3,205Rainer Schuettler
25%
12Chile1,559Nicolas Massu
21%
23Belarus1,190Max Mirnyi
18%
14Morocco1,480Younes El Aynaoui
18%
30Sweden1,068Jonas Bjorkman
14%
19Netherlands1,425Martin Verkerk
14%
26South Africa1,125Wayne Ferreira
14%
13Czech Republic1,510Jiri Novak
11%
18Netherlands1,445Sjeng Schalken
11%
22Spain1,265Felix Mantilla
7%
24Argentina1,185Agustin Calleri
0%
27Argentina1,125Mariano Zabaleta
0%
29United States1,100Vincent Spadea
0%

Score Distribution

Percentile by Number Answered

Percent of People with Each Score

Your Score History

You have not taken this quiz